| Поле | Название | Значение |
| |
Тип записи |
a |
| |
Библиографический уровень |
m |
| 001 |
Контрольный номер |
891a406b0ef2433f90304c727792dab7 |
| 005 |
Дата корректировки |
20140605085238.4 |
| 010 |
Индекс ISBN |
__ |
| a |
ISBN |
5-8001-0062-4 |
| 101 |
Язык документа |
0_ |
| a |
Язык текста |
rus |
| 102 |
Страна публикации |
__ |
| a |
Страна публикации |
RU |
| 200 |
Заглавие и сведения об ответственности |
1_ |
| a |
Заглавие |
Время отдыха: выходные, праздники, отпуска |
| e |
Сведения, относящиеся к заглавию |
практ. пособие |
| f |
Первые сведения об ответственности |
Л. В. Труханович, И. М. Руппель |
| 210 |
Выходные данные |
1_ |
| c |
Издательство |
Финпресс |
| a |
Место издания |
М. |
| d |
Дата издания |
2005 |
| 215 |
Физическое описание |
__ |
| a |
Объем |
219, [5] с. |
| 225 |
Серия |
2_ |
| a |
Серия |
Б-ка журн. " Кадры предприятия" |
| v |
Обозначение тома |
вып. 2 |
| 610 |
Ключевые слова |
0_ |
| a |
Ключевые слова |
экономика труда |
| 610 |
Ключевые слова |
0_ |
| a |
Ключевые слова |
выходные |
| 610 |
Ключевые слова |
0_ |
| a |
Ключевые слова |
праздничные дни |
| 610 |
Ключевые слова |
0_ |
| a |
Ключевые слова |
оплата труда |
| 610 |
Ключевые слова |
0_ |
| a |
Ключевые слова |
отпуск |
| 610 |
Ключевые слова |
0_ |
| a |
Ключевые слова |
дополнительный отпуск |
| 610 |
Ключевые слова |
0_ |
| a |
Ключевые слова |
компенсации |
| 610 |
Ключевые слова |
0_ |
| a |
Ключевые слова |
удержания |
| 610 |
Ключевые слова |
0_ |
| a |
Ключевые слова |
практическое пособие |
| 686 |
Индексы других классификаций |
__ |
| a |
Классификационный индекс |
65.9(2)245 |
| 2 |
Код системы |
rubbk |
| 686 |
Индексы других классификаций |
__ |
| a |
Классификационный индекс |
67.627 |
| 2 |
Код системы |
rubbk |
| 700 |
Автор |
_1 |
| a |
Фамилия |
Труханович |
| b |
Имя |
Л. В. |
| 701 |
Альтернативная интеллектуальная ответственность |
_1 |
| a |
Фамилия |
Руппель |
| b |
Имя |
И. М. |
| u |
|
2 |
| 801 |
Источник записи |
_0 |
| a |
Страна |
RU |
| b |
Организация |
РУК |
| c |
Дата составления |
20051118 |
| g |
Правила каталогизации |
PSBO |
| 801 |
Источник записи |
_1 |
| a |
Страна |
RU |
| b |
Организация |
РУК |
| c |
Дата составления |
20051118 |
| g |
Правила каталогизации |
PSBO |
| 852 |
Данные о местонахождении |
__ |
| i |
Авторский знак |
Т 80 |
| j |
Шифр хранения |
ББК 65.9(2)24 |
| 901 |
Тип документа |
__ |
| t |
Тип документа |
m |
| 938 |
Служебная информация |
__ |
| a |
Название организации |
Головной вуз |
| b |
Имя БД |
BOOK |
| c |
Название АИБС |
АИБС ИРБИС |